| 000 | 01263nam0a22002291 4500 | ||
|---|---|---|---|
| 001 | rc\491945 | ||
| 005 | 20250621104637.0 | ||
| 035 | _a(NLR Aleph) 005733819 | ||
| 090 |
_a7607029 _c7607029 |
||
| 100 | _a20030616d1988 |||y0rusy50 ca | ||
| 101 | 0 | _arus | |
| 102 | _aRU | ||
| 105 | _ay ||||||||| | ||
| 200 | 1 |
_aМЕТОДИЧЕСКИЕ рекомендации по формированию фонда заработной платы на предприятиях отрасли на основе нормативов прироста установленных к переменной части ФЗП _fМ-во тяжелого, энерг. и трансп. машиностроения СССР, ЦНИИ информ. и техн.-экон. исслед. по тяжелому и трансп. машиностроению СССР _g[Подгот. Столбовой Н.Н. и др.] |
|
| 210 |
_aМ. _cОтрасл. н.-и. отд. эффективности социал. развития и использ. труд. ресурсов ЦНИИТЭИтяжмаша _d1988 |
||
| 215 |
_a[1], 20 с. _d21 |
||
| 320 | _aБиблиогр.: с. 9 | ||
| 801 | 0 |
_aRU _bNLR _gpsbo |
|
| 801 | 1 |
_aRU _bELAR _2rusmarc |
|
| 852 |
_aNLR _j89-6/331 |
||
| 942 | _cBOOK | ||
| 980 | _aNB | ||